Linear algebra.
Guardat en:
| Autors principals: | , |
|---|---|
| Format: | Desconegut |
| Publicat: |
Tamil Nadu, India:
Pearson India Education Services Pvt.Ltd.,
1971.
|
| Edició: | Second edition. |
| Matèries: | |
| Etiquetes: |
Afegir etiqueta
Sense etiquetes, Sigues el primer a etiquetar aquest registre!
|
MARC
| LEADER | 00000 a2200000 4500 | ||
|---|---|---|---|
| 003 | CL-VaPUC | ||
| 005 | 20230714082810.0 | ||
| 008 | 230515t1971 ||||| |||| 00| 0 eng d | ||
| 999 | |c 440714 |d 440712 | ||
| 020 | |a 978-93-325-5007-0 | ||
| 040 | |c Pontificia Universidad Católica de Valparaíso | ||
| 082 | 7 | |a 512.5 HOF 1971 |2 22 | |
| 100 | |a Hoffman, Kenneth |9 564135 |e author | ||
| 245 | |a Linear algebra. | ||
| 250 | |a Second edition. | ||
| 260 | |a Tamil Nadu, India: |b Pearson India Education Services Pvt.Ltd., |c 1971. | ||
| 300 | |a iv, 407 páginas. | ||
| 583 | |k GC |c 20230515 | ||
| 650 | 0 | |a Álgebra lineal |9 260445 | |
| 700 | |a Kunze, Ray |9 408423 |e author | ||
| 942 | |2 ddc |c BK |m 1 | ||
| 952 | |0 0 |1 0 |2 ddc |4 0 |6 512_500000000000000_HOF_1971 |7 0 |8 A |9 590013 |a BIBMAT |b BIBMAT |c GEN |d 2023-05-15 |e 1 |g 61100.50 |i 5657403 |o 512.5 HOF 1971 |p 5657403 |r 2025-01-07 |t 1 |v 61100.50 |w 2023-05-15 |y BK |k MAT | ||
| 952 | |0 0 |1 0 |2 ddc |4 0 |6 512_500000000000000_HOF_1971 |7 0 |8 A |9 590014 |a BIBMAT |b BIBMAT |c GEN |d 2023-05-15 |e 1 |g 61100.50 |i 5657404 |l 2 |o 512.5 HOF 1971 |p 5657404 |r 2025-03-24 |s 2025-03-24 |t 2 |v 61100.50 |w 2023-05-15 |y BK |k MAT | ||